002750000a220008500045001000021000002450034000213000050000555200063001057730021001681 aGreen, Guillermo10a¿Cómo reformar la iglesia? aVol.7, Núm.1 (Marzo, 2005), Páginas 55-66 a¿Quién está en control? ¿Cómo obra Dios entonces?0 tReforma Siglo 21